| 000 | 00710nab a2200217 a 4500 | ||
|---|---|---|---|
| 005 | 20210219160924.0 | ||
| 008 | 991125s1985 mx 000 0 spa u | ||
| 035 | _aUPN01000175417 | ||
| 222 | _aINFANCIA Y APRENDIZAJE = | ||
| 222 | _bJOURNAL FOR THE STUDY OF EDUCATION AND DEVELOPMENT | ||
| 245 | _aDesarrollo de las habilidades fonológicas y ortográficas en niños normolectores y con dislexia durante la educación primaria | ||
| 260 | _aMadrid, España | ||
| 300 | _a375-389 | ||
| 362 | 0 | _a2009 Vol. 32, no. 3, sept. | |
| 653 | 0 | _aHABILIDADES FONOLOGICAS | |
| 653 | 0 | _aHABILIDADES ORTOGRAFICAS | |
| 653 | 0 | _aLECTURA | |
| 700 | 1 | _aRodrigo, Mercedes, | |
| 700 | 1 | _ecoaut. | |
| 905 | _aArticulo | ||
| 999 |
_c147521 _d147521 |
||